000 01166nam a22002657a 4500
005 20091022115930.0
008 091022t xxu||||| |||| 00| 0 eng d
010 _aENG-95166
020 _a9780070677562
_c350.00
020 _a0070677565
_c350.00
035 _aEN-78699
040 _aDPL
082 _a658.4092
_222
100 _aThompson, Mike
245 _aThe Organizational Champion :
_bhow to develop passionate change agents at every level /
_cby Mike Thompson
260 _aNew Delhi
_bTata McGraw Hill Education
_cc2009.
270 _a7 , West Patel Nagar
_bNew Delhi
_e110008
300 _axii, 239p. :
_c22 cm.(Pbk)
500 _aIncludes index.
650 _aLeadership.
650 _aOrganizational change
_xManagement
942 _2ddc
_cEN
_mTHO
_h658.4092
999 _c30990
_d30990